00229nam a2200109Ia 4500100001500000650001600015366000700031245003200038260002500070082001200095546001200107 aGANESH A.  aMathematics f20 aTEXT BOOK OF ENGG. MATHS-II bCBSaNew Delhic2011 a519/GAN aENGLISH